| 000 | 01146nam a2200301Ia 4500 | ||
|---|---|---|---|
| 001 | ebr10196633 | ||
| 003 | CaPaEBR | ||
| 006 | m u | ||
| 007 | cr cn||||||||| | ||
| 008 | 060726s2006 enka s 001 0 eng d | ||
| 020 | _z9780713677041 (pbk) : | ||
| 020 | _z071367704X (pbk.) : | ||
| 040 |
_aCaPaEBR _cCaPaEBR |
||
| 035 | _a(OCoLC)290485526 | ||
| 050 | 1 | 4 |
_aTK5105.888 _b.M34 2006eb |
| 082 | 0 | 4 |
_a658.872 _222 |
| 100 | 1 | _aMcGovern, Gerry. | |
| 245 | 1 | 0 |
_aKiller Web content _h[electronic resource] : _bmake the sale, deliver the service, build the brand / _cGerry McGovern. |
| 260 |
_aLondon : _bA. & C. Black, _c2006. |
||
| 300 |
_aiv, 220 p. : _bill. |
||
| 500 | _aIncludes index. | ||
| 533 |
_aElectronic reproduction. _bPalo Alto, Calif. : _cebrary, _d2009. _nAvailable via World Wide Web. _nAccess may be limited to ebrary affiliated libraries. |
||
| 650 | 0 | _aInternet marketing. | |
| 650 | 0 | _aWeb site development. | |
| 655 | 7 |
_aElectronic books. _2local |
|
| 710 | 2 | _aebrary, Inc. | |
| 856 | 4 | 0 |
_uhttp://site.ebrary.com/lib/rucke/Doc?id=10196633 _zAn electronic book accessible through the World Wide Web; click to view |
| 999 |
_c115624 _d115624 |
||